| 000 -NÁVESTIE |
| fixed length control field |
00925nam a2200253 a 4500 |
| 008 - ÚDAJE S PEVNOU DĹŽKOU – VŠEOBECNÉ INFORMÁCIE |
| fixed length control field |
951123s1984||||[C 0 slo c |
| 020 ## - MEDZINÁRODNÉ ŠTANDARDNÉ ČÍSLO KNIHY (ISBN) |
| Údaje o dostupnosti |
85 Kčs. |
| Qualifying information |
(18000 výtl.) |
| 040 ## - ZDROJ KATALOGIZÁCIE |
| Pôvodná katalogizujúca agentúra |
SNK |
| Jazyk katalogizácie |
slo |
| Prepisujúca agentúra |
SNK |
| Konvencie popisu |
AACR2 |
| 041 1# - KÓD JAZYKA |
| Kód jazyka textu/zvukovej stopy alebo samostatných nápisov |
slo |
| Kód jazyka originálu a/alebo sprostredkujúcich prekladov textu |
slo |
| 080 ## - ČÍSLO MEDZINÁRODNÉHO DESATINNÉHO TRIEDENIA (MDT) |
| Číslo Medzinárodného desatinného triedenia (MDT) |
943.76:323.26"1944/1945" |
| 080 ## - ČÍSLO MEDZINÁRODNÉHO DESATINNÉHO TRIEDENIA (MDT) |
| Číslo Medzinárodného desatinného triedenia (MDT) |
323.26"1944/1945" |
| 080 ## - ČÍSLO MEDZINÁRODNÉHO DESATINNÉHO TRIEDENIA (MDT) |
| Číslo Medzinárodného desatinného triedenia (MDT) |
323.26"1944/1945" |
| 080 ## - ČÍSLO MEDZINÁRODNÉHO DESATINNÉHO TRIEDENIA (MDT) |
| Číslo Medzinárodného desatinného triedenia (MDT) |
943.76 |
| 044 ## - KÓD KRAJINY VYDAVATEĽA/PRODUCENTA |
| Kód krajiny MARC |
xo |
| Kód krajiny ISO |
SK |
| 245 10 - NÁZOV |
| Názov |
Dejiny Slovenského národného povstania 1944. 3. zv |
| Zvyšok názvu |
Dokumenty ; Marta Vartíková, Milan Veselý, Viliam Plevza |
| 250 ## - ÚDAJ O PORADÍ VYDANIA |
| Údaj o poradí vydania |
1., vyd. |
| 260 ## - VYDAVATEĽSKÉ ÚDAJE, DISTRIBÚCIA ATĎ. |
| Miesto publikovania, distribúcie atď. |
Bratislava |
| Názov vydavateľa, distibútora atď. |
Pravda |
| Dátum publikovania, distribúcie atď. |
1984 |
| Miesto výroby |
Bratislava |
| Výrobca |
Svornosť |
| 300 ## - FYZICKÝ POPIS |
| Rozsah |
675 s., 113,35 AH |
| Rozmery |
27 cm |
| 500 ## - VŠEOBECNÁ POZNÁMKA |
| Formátovaná poznámka o obsahu |
Rozlož. tit. list. Men. reg. Prebal vytl. Pravda, Bratislava. Knihársky sprac. Polygrafické závody Trnava. 1. vyd. 10000 výtl., dotl. 8000 výtl. |
| 700 1# - PRIDANÝ VSTUP – OSOBNÉ MENO |
| Osobné meno |
Vartíková, Marta |
| Kód roly |
com |
| 700 1# - PRIDANÝ VSTUP – OSOBNÉ MENO |
| Osobné meno |
Veselý, Milan |
| Kód roly |
bkd |
| 700 1# - PRIDANÝ VSTUP – OSOBNÉ MENO |
| Osobné meno |
Plevza, Viliam |
| Kód roly |
oth |
| 958 ## - Formálny deskriptor |
| Formálny deskriptor |
A |